00683nam a2200241 a 4500001001300000003000900013005001700022008004100039020001000080082001600090100001600106245003300122260002700155300000900182500003500191650002300226650002700249700001600276902000800292942000700300952011700307999001700424nice12345678IN_TiNIC20260116013948.0050524s1999 dela grp 000 0 eng  ac59500a294.54bSIN aSinghi, N K aReligion, Ritual and Royalty aDelhibRawat Pubc1999 a317p aincludes index and biblioraphy aHinduism-Rajasthan aRajasthan-Oral History1 aSinghi, N K bSRS cBK 001040708StackRoom-aHMIbHMId2007-07-26g595.00l0o294.54 SINp019090r2007-07-26v595.00w2005-05-24yBK c13279d13279